00401nam a2200157Ia 45000010006000000050017000060080041000230410008000640820016000721000022000882450080001102600009001903000028001996500008002276540008002351465820260306164930.0260306t2013||||xx |||||||||||||| ||spa|| aESP a515.43bL81 aLoa, GabrieleAUT 0aCálculo integral:bcon aplicaciones en la vida diaria, pasito a pasito... c2013 a391 páginas :c25 cm. aGEN aCMA